Statistics for 4 to 13 letters quiz # G

Click here to take the quiz!

General Stats

  • This quiz has been taken 32 times
  • The average score is 8 of 10

Answer Stats

HintAnswer# of Letters% Correct
African city where famous historical pyramids are locatedGiza4
90%
Most sacred river to HindusGanges6
87%
African country that translates to 'Warrior King'Ghana5
87%
Caribbean country known as 'Island of Spice'Grenada7
84%
Most populated Central American city (two words)Guatemala City13
84%
Autonomous constituent country within the Kingdom of DenmarkGreenland9
74%
The capital of GuyanaGeorgetown10
71%
Island in the English Channel off the coast of NormandyGuernsey8
68%
African nation whose capital comprises part of the country's nameGuinea-Bissau12
65%
The capital of Mexican state of JaliscoGuadalajara11
52%

Score Distribution

Percentile by Number Answered

Percent of People with Each Score

Your Score History

You have not taken this quiz